Memories of Andaman & Nicobar Islands/ (Record no. 190435)

MARC details
000 -LEADER
fixed length control field 00593nam a22001817a 4500
005 - DATE AND TIME OF LATEST TRANSACTION
control field 20220726112208.0
010 ## - LCCN (DPL NO)
LC control number ENG-133938
020 ## - INTERNATIONAL STANDARD BOOK NUMBER
International Standard Book Number 9788186346327
Terms of availability 250.00
035 ## - SYSTEM CONTROL NUMBER
System control number EN-117470
037 ## - SOURCE OF ACQUISITION
Source of stock number/acquisition DBAD/PUB
082 ## - DEWEY DECIMAL CLASSIFICATION NUMBER
Classification number 954.36
245 ## - TITLE STATEMENT
Title Memories of Andaman & Nicobar Islands/
Statement of responsibility, etc Ed. by M. Ahmad Mujtaba
260 ## - PUBLICATION, DISTRIBUTION, ETC. (IMPRINT)
Place of publication, distribution, etc Kolkata
Name of publisher, distributor, etc Insha Publications
Date of publication, distribution, etc 2013
270 ## - ADDRESS
City Kolkata
Address 25-B, Zakaria Street
Postal code 700073
Telephone number (033) 2235-4616
Electronic mail address Inshapublications@yahoo.co.in
300 ## - PHYSICAL DESCRIPTION
Extent 464p.
Dimensions 21cm(hb)
Other physical details References
700 ## - ADDED ENTRY--PERSONAL NAME
Personal name Mujtaba, M. Ahmad
942 ## - ADDED ENTRY ELEMENTS (KOHA)
Source of classification or shelving scheme Dewey Decimal Classification
Item type English Books
Call number suffix MEM
Classification part 954.36
Holdings
Withdrawn status Lost status Not for loan Collection code Home library Current library Date acquired Source of acquisition Cost, normal purchase price Full call number Barcode Copy number Cost, replacement price Koha item type
      Non-fiction Ashok Vihar Ashok Vihar 26/07/2022 DBAD/PUB 250.00 954.36 MEM EN-117470 1 250.00 English Books

© Delhi Public Library
Hit Counter
free hit counter